Melbourne Orlando Int. Airport Destinations (Melbourne, FL, USA) - Statistics

General Stats
  • This quiz has been taken 66 times
    21 since last reset
  • The average score is 5 of 11
Answer Stats
Airline Destination % Correct
Delta Air Lines Atlanta
94%
American Eagle Charlotte
88%
Sun Country Airlines Minneapolis/St. Paul
76%
TUI Airways Glasgow
53%
TUI Airways London (Gatwick)
53%
TUI Airways Manchester (UK)
53%
TUI Airways Newcastle upon Tyne
47%
TUI Airways Belfast (International)
41%
Allegiant Air Cincinnati
12%
Allegiant Air Pittsburgh
12%
Allegiant Air Allentown
6%
No matching quizzes found
Score Distribution
Percent of People with Each Score
Percentile by Number Answered
Your Score History
You have not taken this quiz since the last reset